| 000 | 00666nam a2200205 a 4500 | ||
|---|---|---|---|
| 005 | 20230920064600.0 | ||
| 008 | 021203s2001 mx r 000 0 spa d | ||
| 020 | _a9685505039 | ||
| 035 | _aUPN01000121164 | ||
| 049 | _aCG | ||
| 050 | 4 |
_aJL1299 D5 _bF5.7 |
|
| 100 | 1 | _aFlores Molina, Oscar | |
| 245 | 1 | 3 |
_aLa reforma política del Distrito Federal / _cOscar Flores Molina. |
| 260 |
_aMéxico : _bInstituto Electoral del Distrito Federal, _c2001. |
||
| 300 | _a112 p. | ||
| 500 | _a"1er. concurso de tesis, ensayo y cuento 2001" | ||
| 651 | 4 |
_aDistrito Federal (México) _xPolítica y gobierno _914004 |
|
| 651 | 4 |
_aMEXICO (CIUDAD) - _xHISTORIA |
|
| 905 | _aLibro | ||
| 999 |
_c93454 _d93454 |
||